Guerra de la Triple Alianza.

Guerra de la Triple Alianza: causas. La antigua rivalidad de Paraguay con sus vecinos. La industrialización y su poderío económico. El aislamiento. Consecuencias de la guerra.

Guardado en:
Formato: Deslizar
Series:Educable
Materias:
Etiquetas: Agregar Etiqueta
Sin Etiquetas, Sea el primero en etiquetar este registro!
LEADER 00881ngm a22002295g 4500
001 CEM.cems022415
008 130507b1999##################0###0#####d
005 20241101141450.0
245 0 0 |a Guerra de la Triple Alianza. 
300 |a 24'. 
490 0 |a Educable 
500 |a En soporte VHS, consultar en ventanilla. 
538 |a Soporte: VHS - Norma: Pal N - Color: Si - Grabación DRD 1999 - Hitachi=3190 
520 |a Guerra de la Triple Alianza: causas. La antigua rivalidad de Paraguay con sus vecinos. La industrialización y su poderío económico. El aislamiento. Consecuencias de la guerra. 
082 9 8 |/ EDU 
653 |a HISTORIA ARGENTINA 
653 |a TRIPLE ALIANZA 
653 |a GUERRA DE LA TRIPLE ALIANZA 
653 |a PARAGUAY 
653 |a NIVEL PRIMARIO 
653 |a NIVEL SECUNDARIO 
859 |a CEMS  |b BIB. CEMS - Depto. Recursos Didacticos  |h 982  |i EDU  |k DRD  |p 1058.12  |t Ej.1